000 00450nam a2200133Ia 4500
005 20260326235438.0
008 260326s9999||||xx |||||||||||||| ||und||
100 _aHesselgren, Sven
245 0 _aLos Medios de expresión de la Arquitectura :
_b Un Estudio teórico de la Arquitectura en el que se aplican la psicología experimental y la semántica /
_cSven Hesselgren
260 _bEUDEBA
300 _a383 p.
650 _aARQUITECTURA
942 _cBK
999 _c7289
_d7289